Жители эпохи до нашей эры - Армагеддон - Statistics

General Stats
  • This quiz has been taken 4 times
  • The average score is 6 of 19
Answers on the Grid
Answers color-coded by a green-red scale on the quiz's grid according to % correct below.
Фукидид
Вольтер
Тацит
Протагор
Гипатия
Плутарх
Цезарь
Демокрит
Софокл
Аристофан
Гиппократ
Хамураппи
Нерон
Марк Аврелий
Сенека
Лукреций
Плотин
Аристотель
Гераклит
Таис
Агриппа
Стендаль
Калигула
Платон
Еврипид
Тэффи
Геродот
Ксеркс
Зенон
Перикл
 
Answer Stats
Answer % Correct
Фукидид
67%
Протагор
67%
Платон
67%
Цезарь
33%
Демокрит
33%
Софокл
33%
Гиппократ
33%
Хамураппи
33%
Аристотель
33%
Гераклит
33%
Агриппа
33%
Еврипид
33%
Геродот
33%
Ксеркс
33%
Зенон
33%
Перикл
33%
Аристофан
0%
Лукреций
0%
Таис
0%
No matching quizzes found
Score Distribution
Percent of People with Each Score
Percentile by Number Answered
Your Score History
You have not taken this quiz